|
|
|
|
| LEADER |
01603nam a22002537a 4500 |
| 003 |
GR-PaULI |
| 005 |
20250305092010.0 |
| 008 |
140515s2004 gr f g 001 0 gre d |
| 020 |
|
|
|a 9604068709
|
| 040 |
|
|
|a GrPaTEI
|b gre
|c GR-PaULI
|e AACR2
|
| 040 |
|
|
|a GrPaTEI
|b gre
|c GR-PaULI
|
| 082 |
0 |
4 |
|a 378.495
|2 23
|
| 100 |
1 |
|
|a Παναγιωτόπουλος, Δημήτριος Γ.
|e συγγραφέας
|9 208621
|
| 245 |
1 |
0 |
|a Γεωργική εκπαίδευση και ανάπτυξη :
|b η Ανώτατη Γεωπονική Σχολή Αθηνών στην ελληνική κοινωνία 1920-1960 /
|c Δημήτριος Γ. Παναγιωτόπουλος.
|
| 260 |
|
|
|a Αθήνα :
|b Ελληνικά Γράμματα,
|c 2004.
|
| 300 |
|
|
|a 364 σ. :
|b πίν. ;
|c 24 εκ.
|
| 500 |
|
|
|a Περιέχει περίληψη στα ελληνικά και αγγλικά.
|
| 504 |
|
|
|a Περιλαμβάνει βιβλιογραφικές παραπομπές και ευρετήριο.
|
| 610 |
2 |
4 |
|a Ανωτάτη Γεωπονική Σχολή Αθηνών
|x Ιστορία
|y 1920-1960
|9 208622
|
| 650 |
|
4 |
|a Γεωργική εκπαίδευση
|z Ελλάδα
|9 208623
|
| 942 |
|
|
|2 ddc
|c BK
|
| 952 |
|
|
|0 0
|1 0
|2 ddc
|4 0
|6 378_495000000000000_ΠΑΝ
|7 0
|9 274473
|a MSLG
|b MSLG
|c BSC
|d 2021-01-17
|e 24
|f 0
|g 0.00
|l 0
|o 378.495 ΠΑΝ
|p 2420000024786
|r 2021-01-17 00:00:00
|t 1
|w 2021-01-17
|y BK15
|x 20140515 0 ΧΑΣΑΝΗ 1
|x GrPaTEI
|
| 952 |
|
|
|0 0
|1 0
|2 ddc
|4 0
|6 378_495000000000000_ΠΑΝ
|7 0
|9 388198
|a PTDE
|b PTDE
|d 2025-03-05
|i 13324
|l 0
|o 378.495 ΠΑΝ
|p 025000304475
|r 2025-03-05 09:19:46
|t 1
|w 2025-03-05
|y BK
|z Δωρεά
|
| 999 |
|
|
|c 158824
|d 158824
|